000 00274nam a2200109Ia 4500
008 190902s9999||||xx |||||||||||||| ||und||
100 _aZahid Malik
245 0 _aMohsin -e-Pakistan Ki De Briefing
260 _aIslamabad
_bMatboaat-e-Hurmat
_c2004
300 _a290
942 _cBK
999 _c2823
_d2823